00573nam a2200145Ia 4500008004100000024006000041082001800101100006700119245002000186260002600206600002700232650003300259856011800292999001700410260210s9999 xx 000 0 und d a16B-023-EL, 16B-007-EL, 16B-024-EL & 16B-078-EL a004.22092 BIL aBilal Muzaffer, Moazzam Ahmed, Anas Jawaid & Sohaib Shahid 0aAutomated Mixer aKarachi:bUITU,c2016 aElectronic Engineering aBachelor of Engineering (BE) uhttps://drive.google.com/file/d/122_RX85MwnzAWgkcoMbMfc3nSqMLAnYm/view?usp=sharingyClick here For Online Reading c33261d33261